[Event "Chinese League"]
[Site "Chengdu CHN"]
[Date "2011.05.28"]
[Round "6"]
[White "Zhang, Xiaowen"]
[Black "Wang, Xiaohui"]
[Result "1/2-1/2"]
[WhiteTitle "WGM"]
[BlackTitle "WIM"]
[WhiteElo "2344"]
[BlackElo "2218"]
[WhiteTeam "Shanghai"]
[BlackTeam "Zhejiang"]
[WhiteFideId "8603219"]
[BlackFideId "8603073"]
[EventDate "2011.04.12"]

1. e4 d6 2. d4 Nf6 3. Nc3 g6 4. Nf3 Bg7 5. h3 c6 6. Be3 O-O 7. Bd3 Nbd7 8. O-O
e5 9. a4 Re8 10. dxe5 dxe5 11. Bc4 Qe7 12. Qb1 Nc5 13. Nd2 Nh5 14. Ne2 Be6 15.
Qa2 Nf4 16. Nxf4 exf4 17. Bxf4 Nxe4 18. Rae1 Bxc4 19. Qxc4 Nxd2 20. Bxd2 Qd7 21.
Bc3 b5 22. Qc5 Bxc3 23. Qxc3 bxa4 24. Rd1 Qb7 25. Rd4 Rab8 26. Rxa4 Qxb2 27.
Qxc6 Rbc8 28. Qd7 Red8 1/2-1/2

[Event "Chinese League"]
[Site "Chengdu CHN"]
[Date "2011.05.28"]
[Round "6"]
[White "Ju, Wenjun"]
[Black "Ding, Yixin"]
[Result "1/2-1/2"]
[WhiteTitle "WGM"]
[BlackTitle "WGM"]
[WhiteElo "2519"]
[BlackElo "2376"]
[WhiteTeam "Shanghai"]
[BlackTeam "Zhejiang"]
[WhiteFideId "8603006"]
[BlackFideId "8602972"]
[EventDate "2011.04.12"]

1. d4 d5 2. c4 dxc4 3. Nf3 Nf6 4. e3 e6 5. Bxc4 c5 6. Qe2 a6 7. dxc5 Bxc5 8. O-O
Nc6 9. e4 b5 10. e5 bxc4 11. exf6 gxf6 12. Qxc4 Qb6 13. Nc3 Qb4 14. Qe2 Bb7 15.
Be3 Be7 16. a3 Qg4 17. Nd2 Qxe2 18. Nxe2 Rg8 19. f3 f5 20. Nc4 f6 21. Rac1 Rd8
22. Bb6 Rd7 23. Rfd1 Rxd1+ 24. Rxd1 Ne5 25. Nxe5 fxe5 26. Kf2 e4 27. fxe4 Bxe4
28. g3 Bf6 29. b4 Rg7 30. Rd6 Rd7 31. Rxe6+ Kf7 32. Nf4 Rd2+ 33. Kf1 Ra2 34. Rd6
Rxa3 35. Rd7+ Kg8 36. Bd4 Bxd4 37. Rxd4 Rb3 38. Rd6 Rxb4 39. Rxa6 Rb1+ 40. Kf2
Rb2+ 41. Kg1 Rb1+ 1/2-1/2

[Event "Chinese League"]
[Site "Chengdu CHN"]
[Date "2011.05.28"]
[Round "6"]
[White "Wang, Rui"]
[Black "Liu, Qingnan"]
[Result "0-1"]
[WhiteTitle "GM"]
[BlackTitle "IM"]
[WhiteElo "2437"]
[BlackElo "2435"]
[WhiteTeam "Hebei"]
[BlackTeam "Tianjin"]
[WhiteFideId "8601003"]
[BlackFideId "8603294"]
[EventDate "2011.04.12"]

1. d4 Nf6 2. c4 g6 3. Nc3 Bg7 4. e4 d6 5. f3 O-O 6. Bg5 Nc6 7. Nge2 a6 8. Qd2
Rb8 9. Rc1 Re8 10. Be3 Bd7 11. g3 b5 12. cxb5 axb5 13. Bg2 e5 14. d5 Na5 15. b3
b4 16. Nd1 c6 17. dxc6 Bxc6 18. O-O d5 19. exd5 Nxd5 20. Bf2 Nc3 21. Qc2 Nxe2+
22. Qxe2 Bb5 23. Qe3 Bxf1 24. Bxf1 Qd7 25. Nb2 Nc6 26. Qd3 Nd4 27. Bxd4 e4 28.
fxe4 Qxd4+ 0-1

[Event "Chinese League"]
[Site "Shenzhen CHN"]
[Date "2011.07.10"]
[Round "8"]
[White "Li, Chao b"]
[Black "Ma, Zhonghan"]
[Result "1-0"]
[WhiteTitle "GM"]
[WhiteElo "2646"]
[BlackElo "2262"]
[WhiteTeam "Beijing"]
[BlackTeam "Qingdao"]
[WhiteFideId "8604436"]
[BlackFideId "8607206"]
[EventDate "2011.04.12"]

1. e4 c5 2. Nf3 d6 3. d4 cxd4 4. Nxd4 Nf6 5. Nc3 a6 6. h3 e6 7. g4 d5 8. exd5
Nxd5 9. Nde2 Bb4 10. Bg2 O-O 11. O-O Nxc3 12. Nxc3 Nc6 13. Qxd8 Rxd8 14. Na4 Rb8
15. Be3 Bd7 16. Bb6 Rdc8 17. Rfd1 Be8 18. c3 Be7 19. b3 Bd8 20. f4 Bxb6+ 21.
Nxb6 Rd8 22. Kf2 Kf8 23. Ke3 Ke7 24. Be4 h6 25. h4 f6 26. b4 Rxd1 27. Rxd1 Rd8
28. Rxd8 Nxd8 29. Kd4 Bc6 30. Bxc6 Nxc6+ 31. Kc5 g6 32. Nc4 f5 33. gxf5 exf5 34.
Kb6 Nd8 35. a4 Nc6 36. Kc5 Nd8 37. Kb6 Ke6 38. a5 Kd5 39. Nd2 Kd6 40. c4 Kd7 41.
Nf3 Kd6 42. b5 Kd7 43. Ne5+ Kc8 44. Nxg6 axb5 45. cxb5 Ne6 46. Ne7+ Kb8 47. Nxf5
h5 48. Nd6 Nxf4 49. Nxb7 Nd5+ 50. Kc5 Ne7 51. Nd6 Ng6 52. Nf5 Kb7 53. a6+ Ka7
54. Kc6 Nf8 55. Ng7 1-0

[Event "Chinese League"]
[Site "Shenzhen CHN"]
[Date "2011.07.10"]
[Round "8"]
[White "Yu, Yangyi"]
[Black "Wang, Shuai"]
[Result "1/2-1/2"]
[WhiteTitle "GM"]
[BlackTitle "IM"]
[WhiteElo "2652"]
[BlackElo "2424"]
[WhiteTeam "Beijing"]
[BlackTeam "Qingdao"]
[WhiteFideId "8603820"]
[BlackFideId "3403955"]
[EventDate "2011.04.12"]

1. e4 c5 2. Nf3 d6 3. d4 cxd4 4. Nxd4 Nf6 5. Nc3 g6 6. Be3 Bg7 7. f3 Nc6 8. Qd2
O-O 9. Bc4 Bd7 10. Bb3 Nxd4 11. Bxd4 b5 12. h4 a5 13. a4 bxa4 14. Nxa4 e5 15.
Be3 Be6 16. Bxe6 fxe6 17. c4 d5 18. Nb6 Rb8 19. c5 Qe7 20. exd5 Nxd5 21. Nxd5
exd5 22. Qxd5+ Kh8 23. O-O Rfd8 24. Qc6 Rdc8 25. Qd6 Rf8 26. Qd5 Rfd8 27. Qc6
Rdc8 28. Qd6 Qxh4 29. Rxa5 Rxb2 30. Ra7 Rd8 31. Qe6 Qg3 32. Bf2 Qg5 33. Rd7 Rf8
34. c6 Rxf3 35. c7 Rbxf2 36. Rd8+ Bf8 37. Rxf8+ Rxf8 38. Rxf2 Qc1+ 39. Kh2 Rxf2
40. c8=Q+ Qxc8 41. Qxc8+ Kg7 42. Qc7+ Kg8 43. Qxe5 Rf5 44. Qe8+ Kg7 45. Qd7+ Rf7
46. Qd4+ Kg8 47. Qe4 Rf5 48. Kh3 Kg7 49. Qd4+ Kg8 50. Qd8+ Kg7 51. Qe7+ Rf7 52.
Qe5+ Kg8 53. Qe3 Kg7 54. Qd4+ Kg8 55. Qd6 Kg7 56. Qe5+ Kg8 57. Kg4 Rf5 58. Qe8+
Kg7 59. Qd7+ Kg8 60. Qe7 Kh8 61. Kh4 Rh5+ 62. Kg3 Rf5 63. Kh2 Kg8 64. Kh3 Rh5+
65. Kg3 Rf5 66. Kg4 Kh8 67. Kg3 Kg8 68. Kh2 Rh5+ 69. Kg1 Rf5 70. g3 Rf7 71. Qe5
Rf5 72. Qe8+ Kg7 73. Kg2 h6 74. Qe7+ Rf7 75. Qe6 Rf5 76. Kh3 Rh5+ 77. Kg4 Rf5
78. Qe8 Rf7 79. Kh4 Rf5 80. Qe7+ Rf7 81. Qd8 Kh7 82. Qd4 Kg8 83. Qe5 Kh7 84. Qe6
Kg7 85. Kh3 Rf5 86. Qd7+ Rf7 87. Qd8 Rf5 88. Qd4+ Kg8 89. Qc3 Rf7 90. Qe5 Kh7
91. Kh4 Kg8 92. Qe8+ Kg7 93. Qe6 Rf8 94. Qe5+ Kg8 95. Qd4 Rf7 96. Qe3 Kg7 97.
Qc3+ Kg8 98. Qe3 Kg7 99. Qe6 Rf8 100. Qd7+ Rf7 101. Qe6 Rf8 102. Qe5+ Kg8 103.
Qc7 Rf7 104. Qb8+ Kg7 105. Qe8 Rf8 106. Qe6 Rf7 107. Qd6 Kh7 108. Qd4 Kg8 109.
Qe3 Kg7 110. Kh3 Kh7 111. Qe5 Kg8 112. g4 Kh7 113. Kh4 Kg8 114. Qe8+ Kg7 115.
Qe6 Rf8 116. Qe5+ Kg8 117. Qe3 Kg7 118. Qc3+ Kg8 119. Qc7 Rf7 120. Qd8+ Kg7 121.
Qe8 Rf8 122. Qe5+ Kg8 123. Qd6 Kg7 124. Qc7+ Rf7 125. Qc4 Rf8 126. Kg3 Rf7 127.
Qd4+ Kg8 128. Qe3 Kg7 129. Kh4 Kh7 130. Qe5 Kg8 131. Qe6 Kg7 132. Qe8 Rf8 133.
Qe6 Rf7 134. Qd6 Kh7 135. Qc6 Kg7 136. Qe6 Rf3 137. Qe5+ Kg8 138. Qe3 Kg7 139.
Qe5+ Kg8 140. Qh2 Kg7 141. g5 h5 142. Qe5+ Kg8 1/2-1/2

[Event "Chinese League"]
[Site "Shenzhen CHN"]
[Date "2011.07.10"]
[Round "8"]
[White "Gong, Qianyun"]
[Black "Wang, Yu A."]
[Result "1-0"]
[WhiteTitle "WIM"]
[BlackTitle "IM"]
[WhiteElo "2232"]
[BlackElo "2398"]
[WhiteTeam "Qingdao"]
[BlackTeam "Beijing"]
[WhiteFideId "8602425"]
[BlackFideId "8601097"]
[EventDate "2011.04.12"]

1. d4 Nf6 2. Nc3 d5 3. Bg5 h6 4. Bh4 g5 5. Bg3 Nh5 6. Be5 f6 7. e4 Ng7 8. Bg3
dxe4 9. Nxe4 f5 10. Nc5 f4 11. Bd3 e6 12. Bg6+ Ke7 13. h4 fxg3 14. Qf3 gxf2+ 15.
Qxf2 Nf5 16. O-O-O Bg7 17. Nf3 Qf8 18. Rhf1 Nc6 19. Qe1 b6 20. Bxf5 bxc5 21. Be4
Ba6 22. c4 Bxc4 23. Rf2 Qe8 24. Qc3 g4 25. Qxc4 gxf3 26. Qxc5+ Kf7 27. Rxf3+ Kg8
28. Bxc6 Qd8 29. Bxa8 Qxa8 30. Re1 1-0

[Event "Chinese League"]
[Site "Shenzhen CHN"]
[Date "2011.07.10"]
[Round "8"]
[White "Gunina, Valentina"]
[Black "Zhao, Xue"]
[Result "1-0"]
[WhiteTitle "WGM"]
[BlackTitle "GM"]
[WhiteElo "2472"]
[BlackElo "2495"]
[WhiteTeam "Qingdao"]
[BlackTeam "Beijing"]
[WhiteFideId "4167570"]
[BlackFideId "8601283"]
[EventDate "2011.04.12"]

1. d4 Nf6 2. Nf3 e6 3. c4 b6 4. g3 Ba6 5. b3 b5 6. cxb5 Bxb5 7. Nc3 Ba6 8. Bg2
d5 9. O-O Nbd7 10. Bf4 Bd6 11. Qd2 O-O 12. Rfc1 Qe7 13. Ne5 Rfc8 14. e4 c6 15.
Nxd7 Nxd7 16. Bxd6 Qxd6 17. e5 Qb4 18. a3 Qb8 19. b4 Nb6 20. Rab1 Qb7 21. a4 Qe7
22. a5 Nc4 23. Qe1 Na3 24. Rb2 Nc4 25. Rbb1 Na3 26. Rb2 Nb5 27. Qd2 Nxc3 28.
Rxc3 Rab8 29. Rc5 Bc4 30. Bf1 Bxf1 31. Kxf1 Rb5 32. Qc3 Qb7 33. h4 h5 34. Kg2 g6
35. Kh3 Kg7 36. Rb3 Rb8 37. Rxb5 Qxb5 38. Qf3 Kg8 39. Qf4 Qc4 40. Rf3 Rb7 41. g4
hxg4+ 42. Qxg4 Qc1 43. Kh2 Rxb4 44. Rf6 Kg7 45. Qf3 Rxd4 46. Rxf7+ Kh6 47. Qf6
Kh5 48. Rh7+ Kg4 49. f3# 1-0

[Event "Chinese League"]
[Site "Shenzhen CHN"]
[Date "2011.07.10"]
[Round "8"]
[White "Wu, Xibin"]
[Black "Xu, Jun"]
[Result "1/2-1/2"]
[WhiteTitle "IM"]
[BlackTitle "GM"]
[WhiteElo "2360"]
[BlackElo "2486"]
[WhiteTeam "Sichuan"]
[BlackTeam "Jiangsu"]
[WhiteFideId "8600309"]
[BlackFideId "8600031"]
[EventDate "2011.04.12"]

1. e4 c5 2. Nf3 d6 3. d4 cxd4 4. Nxd4 Nf6 5. Nc3 a6 6. Be2 e6 7. O-O Be7 8. a4
Nc6 9. Be3 O-O 10. f4 Qc7 11. Kh1 Re8 12. Bf3 Bf8 13. Qd2 Rb8 14. Rad1 e5 15.
Nde2 b5 16. axb5 axb5 17. Ng3 exf4 18. Bxf4 Ne5 19. Nh5 Nxh5 20. Bxh5 Be6 21.
Nd5 Qb7 22. Qf2 Bxd5 23. Rxd5 g6 24. Be2 Qd7 25. c3 Rb7 26. Rfd1 Ng4 27. Qh4 h5
28. Bf3 Qc8 29. Qg3 b4 30. h3 Ne5 31. Bxh5 bxc3 32. bxc3 Bg7 33. Be2 Nc4 34.
Bxc4 Qxc4 35. Rxd6 Qxc3 36. R6d3 Qa5 37. Rd5 Qc3 38. e5 Qxg3 39. Bxg3 Rbe7 40.
Rd8 1/2-1/2

[Event "Chinese League"]
[Site "Shenzhen CHN"]
[Date "2011.07.10"]
[Round "8"]
[White "Guo, Qi"]
[Black "Harika, Dronavalli"]
[Result "1-0"]
[BlackTitle "IM"]
[WhiteElo "2331"]
[BlackElo "2524"]
[WhiteTeam "Jiangsu"]
[BlackTeam "Sichuan"]
[WhiteFideId "8604002"]
[BlackFideId "5015197"]
[EventDate "2011.04.12"]

1. d4 Nf6 2. Nf3 g6 3. c4 d5 4. Nc3 Bg7 5. Bf4 O-O 6. Rc1 dxc4 7. e4 Bg4 8. Bxc4
Bxf3 9. gxf3 Nh5 10. Be3 e5 11. dxe5 Bxe5 12. Qxd8 Rxd8 13. Ne2 Nc6 14. O-O Nd4
15. Nxd4 Bxd4 16. Rfd1 Bxb2 17. Rxd8+ Rxd8 18. Rb1 Be5 19. Rxb7 Rd1+ 20. Kg2
Nf4+ 21. Bxf4 Bxf4 22. Rxa7 Rd2 23. Ra3 Rc2 24. Bb3 Rb2 25. Ra8+ Kg7 26. Rd8 Be3
27. Rd7 Bxf2 28. Rxf7+ Kh6 29. f4 Bd4+ 30. Kg3 g5 31. e5 gxf4+ 32. Kxf4 Rxh2 33.
Ke4 c5 34. e6 Kg6 35. Kd5 Rd2 36. Kc6 Bf6 37. e7 Re2 38. Kd6 h5 39. Be6 Rd2+ 40.
Kxc5 Rc2+ 1-0

[Event "Chinese League"]
[Site "Shenzhen CHN"]
[Date "2011.07.10"]
[Round "8"]
[White "Yu, Lie"]
[Black "Zeng, Chongsheng"]
[Result "1-0"]
[WhiteTitle "IM"]
[WhiteElo "2404"]
[BlackElo "2426"]
[WhiteTeam "Zhejiang"]
[BlackTeam "Chongqing"]
[WhiteFideId "8603715"]
[BlackFideId "8603847"]
[EventDate "2011.04.12"]

1. d4 Nf6 2. g3 c5 3. Nf3 e6 4. Bg2 Nc6 5. O-O d5 6. c4 dxc4 7. Qa4 Bd7 8. Qxc4
cxd4 9. Nxd4 Rc8 10. Nc3 Nxd4 11. Qxd4 Bc5 12. Qh4 Bc6 13. Rd1 Qb6 14. Bxc6+
Rxc6 15. Bh6 Rc8 16. Bc1 Rc6 17. Bh6 Bf8 1-0

[Event "Chinese League"]
[Site "Shenzhen CHN"]
[Date "2011.07.10"]
[Round "8"]
[White "Tan, Zhongyi"]
[Black "Ding, Yixin"]
[Result "1-0"]
[WhiteTitle "WGM"]
[BlackTitle "WGM"]
[WhiteElo "2428"]
[BlackElo "2376"]
[WhiteTeam "Chongqing"]
[BlackTeam "Zhejiang"]
[WhiteFideId "8603642"]
[BlackFideId "8602972"]
[EventDate "2011.04.12"]

1. d4 Nf6 2. Nf3 d5 3. c4 e6 4. g3 Bb4+ 5. Bd2 Be7 6. Bg2 O-O 7. O-O c6 8. Qc2
Nbd7 9. Nc3 b6 10. e4 Nxe4 11. Nxe4 dxe4 12. Ne5 Nxe5 13. dxe5 Bb7 14. Bxe4 g6
15. h4 Qc7 16. Bc3 Qd8 17. Bd2 Qc7 18. Bc3 c5 19. h5 Bxe4 20. Qxe4 Rad8 21. f4
Rd7 22. Rf3 Rfd8 23. Qe2 b5 24. cxb5 c4 25. a4 Bc5+ 26. Kg2 Qb7 27. Re1 Bd4 28.
Qe4 Qb6 29. hxg6 hxg6 30. Qc6 Bxc3 31. Qxb6 axb6 32. Rxc3 Rd2+ 33. Kf3 Rxb2 34.
Rxc4 Ra2 35. Re3 Kg7 36. Kg4 Ra8 37. Rd3 R2xa4 38. Rxa4 Rxa4 39. Rd6 Rb4 40.
Rxb6 Rb3 41. Rb7 Kg8 42. Kh4 Kg7 43. b6 Rb1 44. g4 Rb4 45. Kg3 Rb3+ 46. Kg2 Rb5
47. g5 1-0

[Event "Chinese League"]
[Site "Shenzhen CHN"]
[Date "2011.07.10"]
[Round "8"]
[White "Huang, Qian"]
[Black "Xu, Yuhua"]
[Result "1/2-1/2"]
[WhiteTitle "WGM"]
[BlackTitle "GM"]
[WhiteElo "2394"]
[BlackElo "2484"]
[WhiteTeam "Chongqing"]
[BlackTeam "Zhejiang"]
[WhiteFideId "8602689"]
[BlackFideId "8600635"]
[EventDate "2011.04.12"]

1. Nf3 Nf6 2. c4 e6 3. g3 d5 4. Bg2 Be7 5. O-O O-O 6. b3 c5 7. d4 Nc6 8. e3 b6
9. Bb2 Bb7 10. Nbd2 Rc8 11. a3 cxd4 12. exd4 Ba6 13. Rc1 Na5 14. Qe2 dxc4 15.
bxc4 Qe8 16. Rfe1 Qa4 17. Bf1 Rfe8 18. Qd1 Qxd1 19. Rexd1 Red8 20. Rc3 Rc7 21.
Rdc1 Rdc8 22. Rd1 Rd8 23. Rdc1 Rdc8 24. Ne5 Bb7 25. Bg2 Bxg2 26. Kxg2 Nd7 27.
Nd3 Nf6 28. Ne5 1/2-1/2

[Event "Chinese League"]
[Site "Shenzhen CHN"]
[Date "2011.07.10"]
[Round "8"]
[White "Wan, Yunguo"]
[Black "Zhao, Jun"]
[Result "1/2-1/2"]
[BlackTitle "GM"]
[WhiteElo "2458"]
[BlackElo "2580"]
[WhiteTeam "Hebei"]
[BlackTeam "Shandong"]
[WhiteFideId "8603189"]
[BlackFideId "8602522"]
[EventDate "2011.04.12"]

1. e4 c5 2. Nf3 d6 3. d4 cxd4 4. Nxd4 Nf6 5. Nc3 a6 6. Bc4 e6 7. Bb3 Nbd7 8. Bg5
Nc5 9. f4 Be7 10. Qf3 O-O 11. O-O-O Ne8 12. Qh5 Bd7 13. Rhe1 Nxb3+ 14. axb3 f6
15. Bh4 Nc7 16. Bf2 Nb5 17. Na4 Nxd4 18. Bxd4 Qe8 19. Qxe8 Raxe8 20. Nb6 Bc6 21.
Bc3 f5 22. exf5 Rxf5 23. Rxe6 Rxf4 24. Rde1 Kf7 25. Nc8 Bf8 26. Rxe8 Bxe8 27.
Bxg7 Rf2 28. g4 Rxh2 29. Bxf8 Kxf8 30. Nxd6 Bg6 31. Nf5 Kf7 32. Ne3 Kf6 33. Kd1
Kg5 34. Rf1 b5 35. b4 Be4 36. b3 Rh3 37. Ke2 Rh2+ 38. Rf2 Rxf2+ 39. Kxf2 Kf4 40.
c4 Ke5 41. Ke2 Kd4 42. Kd2 Bf3 43. c5 a5 44. bxa5 Kxc5 45. a6 Kb6 46. b4 Kxa6
47. Kd3 Kb6 48. Kd4 h5 49. g5 h4 50. g6 h3 51. g7 h2 52. g8=Q h1=Q 53. Qd8+ Kb7
54. Qe7+ Ka6 55. Qe6+ Bc6 56. Kc5 Qc1+ 57. Kd6 Kb6 58. Nd5+ Bxd5 59. Kxd5+ Kb7
60. Qd7+ Kb6 61. Qd6+ 1/2-1/2

[Event "Chinese League"]
[Site "Shenzhen CHN"]
[Date "2011.07.10"]
[Round "8"]
[White "Zhang, Pengxiang"]
[Black "Wen, Yang"]
[Result "1-0"]
[WhiteTitle "GM"]
[BlackTitle "GM"]
[WhiteElo "2577"]
[BlackElo "2545"]
[WhiteTeam "Hebei"]
[BlackTeam "Shandong"]
[WhiteFideId "8600970"]
[BlackFideId "8602956"]
[EventDate "2011.04.12"]

1. e4 c5 2. Nf3 d6 3. d4 cxd4 4. Nxd4 Nf6 5. Nc3 a6 6. Be3 Ng4 7. Bg5 h6 8. Bh4
g5 9. Bg3 Bg7 10. Be2 h5 11. Bxg4 Bxg4 12. f3 Bd7 13. Bf2 Nc6 14. Nd5 Rb8 15.
O-O e6 16. Nc3 b5 17. Nce2 Ne5 18. b3 g4 19. f4 h4 20. fxe5 dxe5 21. Nc1 g3 22.
hxg3 exd4 23. Nd3 e5 24. gxh4 Rb6 25. c3 Rg6 26. cxd4 Bh3 27. Ne1 exd4 28. h5 1-0

[Event "Chinese League"]
[Site "Shenzhen CHN"]
[Date "2011.07.10"]
[Round "8"]
[White "Hou, Yifan"]
[Black "Wang, Doudou"]
[Result "1-0"]
[WhiteTitle "GM"]
[WhiteElo "2602"]
[BlackElo "2182"]
[WhiteTeam "Shandong"]
[BlackTeam "Hebei"]
[WhiteFideId "8602980"]
[BlackFideId "8603197"]
[EventDate "2011.04.12"]

1. e4 e5 2. Nf3 Nc6 3. Bb5 a6 4. Ba4 Nf6 5. O-O Nxe4 6. d4 b5 7. Bb3 d5 8. dxe5
Be6 9. Nbd2 Bc5 10. c3 O-O 11. Qe2 Bf5 12. Bd1 Bb6 13. Nb3 Re8 14. Be3 Bg4 15.
Bxb6 cxb6 16. Qe3 Bxf3 17. gxf3 Qg5+ 18. Kh1 Qxe3 19. Kg1 Qg5+ 20. Kh1 Qe3 21.
fxe3 Nc5 22. f4 Rad8 23. Bf3 g6 24. Rfd1 Ne4 25. Kg2 Ne7 26. Kf1 Nf5 27. Ke2 f6
28. Nd4 Nxd4+ 29. exd4 g5 30. Bxe4 dxe4 31. fxg5 fxe5 1-0

[Event "Chinese League"]
[Site "Shenzhen CHN"]
[Date "2011.07.10"]
[Round "8"]
[White "Gu, Xiaobing"]
[Black "Zhai, Mo"]
[Result "1-0"]
[WhiteTitle "WGM"]
[BlackTitle "WFM"]
[WhiteElo "2369"]
[BlackElo "2136"]
[WhiteTeam "Shandong"]
[BlackTeam "Hebei"]
[WhiteFideId "8602611"]
[BlackFideId "8600201"]
[EventDate "2011.04.12"]

1. e4 c5 2. Nf3 Nc6 3. Bb5 d6 4. Bxc6+ bxc6 5. O-O Bg4 6. h3 Bh5 7. c3 Nf6 8.
Re1 e5 9. d4 cxd4 10. cxd4 Nd7 11. Be3 Be7 12. Nbd2 O-O 13. Qa4 Qc7 14. Rac1
Rfc8 15. dxe5 dxe5 16. Rc3 Nb6 17. Qa5 f6 18. Rec1 Qb7 19. Bc5 Bd8 20. Qa3 Bf7
21. Nb3 a5 22. Bxb6 Bxb6 23. Nc5 Bxc5 24. Rxc5 Qb4 25. R5c3 Qb7 26. Rc5 Qb4 27.
Qxb4 axb4 28. Rxc6 Rcb8 29. b3 Bg6 30. Nd2 Rxa2 31. Rd6 Ra7 32. f3 Kf8 33. Kf2
Ke7 34. Rdc6 Rd7 35. Nc4 Bf7 36. Nb6 Rd3 37. Rc7+ Ke8 38. Nd5 Bxd5 39. exd5 Kf8
40. Ra1 1-0

[Event "Chinese League"]
[Site "Shenzhen CHN"]
[Date "2011.07.10"]
[Round "8"]
[White "Ma, Qun"]
[Black "Zhou, Jianchao"]
[Result "1/2-1/2"]
[BlackTitle "GM"]
[WhiteElo "2427"]
[BlackElo "2660"]
[WhiteTeam "Tianjin"]
[BlackTeam "Shanghai"]
[WhiteFideId "8603154"]
[BlackFideId "8603537"]
[EventDate "2011.04.12"]

1. e4 c5 2. Nf3 d6 3. d4 cxd4 4. Nxd4 Nf6 5. Nc3 a6 6. Be2 e5 7. Nb3 Be7 8. Bg5
O-O 9. Qd3 Be6 10. Bxf6 Bxf6 11. Rd1 Be7 12. Nd5 Bg5 13. Nc3 Be7 14. Nd5 Bxd5
15. Qxd5 Ra7 16. Bg4 b5 17. O-O Qb6 18. c3 Nc6 19. g3 a5 20. Nd2 a4 21. a3 Na5
22. Be2 Rb8 23. h4 Rc7 24. Rfe1 Rc5 25. Qd3 Rd8 26. Nf1 Qb7 27. Qf3 d5 28. exd5
Rcxd5 29. Rxd5 Rxd5 30. Ne3 1/2-1/2

[Event "Chinese League"]
[Site "Shenzhen CHN"]
[Date "2011.07.10"]
[Round "8"]
[White "Sargissian, Gabriel"]
[Black "Lou, Yiping"]
[Result "1/2-1/2"]
[WhiteTitle "GM"]
[BlackTitle "IM"]
[WhiteElo "2676"]
[BlackElo "2446"]
[WhiteTeam "Tianjin"]
[BlackTeam "Shanghai"]
[WhiteFideId "13300881"]
[BlackFideId "8603928"]
[EventDate "2011.04.12"]

1. d4 Nf6 2. c4 g6 3. Nc3 d5 4. cxd5 Nxd5 5. e4 Nxc3 6. bxc3 Bg7 7. Bc4 c5 8.
Ne2 Nc6 9. Be3 O-O 10. O-O e6 11. dxc5 Na5 12. Bb5 e5 13. Qc2 Be6 14. Rad1 Qc7
15. Rd5 b6 16. c4 Bxd5 17. cxd5 bxc5 18. Qxc5 Qxc5 19. Bxc5 Rfc8 20. Bb4 Rcb8
21. Nc3 a6 22. Bxa5 axb5 23. Bc7 b4 24. Bxb8 bxc3 25. Bc7 Rxa2 26. g3 Kf8 27.
Rc1 c2 28. Kf1 Bh6 29. f4 exf4 30. Bxf4 Bxf4 31. gxf4 Ra4 32. Rxc2 Rxe4 33. Rf2
Rd4 34. Kg2 Rxd5 35. Ra2 Rd3 36. Ra7 Kg7 37. Ra6 h5 38. h4 Re3 39. Rb6 Kf8 40.
f5 gxf5 41. Rb5 Re4 42. Rxf5 Rxh4 43. Kg3 Rg4+ 1/2-1/2

[Event "Chinese League"]
[Site "Shenzhen CHN"]
[Date "2011.07.10"]
[Round "8"]
[White "Zhang, Xiaowen"]
[Black "Muzychuk, Anna"]
[Result "1/2-1/2"]
[WhiteTitle "WGM"]
[BlackTitle "IM"]
[WhiteElo "2344"]
[BlackElo "2528"]
[WhiteTeam "Shanghai"]
[BlackTeam "Tianjin"]
[WhiteFideId "8603219"]
[BlackFideId "14111330"]
[EventDate "2011.04.12"]

1. e4 e5 2. Nf3 Nc6 3. Bb5 a6 4. Ba4 Nf6 5. O-O Be7 6. Re1 b5 7. Bb3 d6 8. c3
O-O 9. d3 Na5 10. Bc2 c5 11. Nbd2 Re8 12. Nf1 Bf8 13. Bg5 h6 14. Bh4 Be7 15. Ne3
Nc6 16. h3 Nd7 17. Bg3 Nb6 18. d4 Bf6 19. dxc5 dxc5 20. Nd5 Bb7 21. Nh2 Nxd5 22.
exd5 Ne7 23. c4 bxc4 24. Ba4 Rf8 25. Ng4 Nxd5 26. Nxf6+ Nxf6 27. Bxe5 Qxd1 28.
Raxd1 Rfd8 29. Bxf6 gxf6 30. Re7 Rxd1+ 31. Bxd1 Bd5 32. Rc7 Rb8 33. Rxc5 Be6 34.
b3 Kg7 35. Be2 cxb3 36. axb3 Rxb3 37. Bxa6 1/2-1/2

[Event "Chinese League"]
[Site "Shenzhen CHN"]
[Date "2011.07.10"]
[Round "8"]
[White "Ju, Wenjun"]
[Black "Ning, Chunhong"]
[Result "1-0"]
[WhiteTitle "WGM"]
[BlackTitle "WGM"]
[WhiteElo "2519"]
[BlackElo "2313"]
[WhiteTeam "Shanghai"]
[BlackTeam "Tianjin"]
[WhiteFideId "8603006"]
[BlackFideId "8600376"]
[EventDate "2011.04.12"]

1. d4 Nf6 2. c4 g6 3. Nc3 d5 4. cxd5 Nxd5 5. e3 Bg7 6. Nf3 O-O 7. Bc4 Nb6 8. Bb3
N8d7 9. e4 c5 10. d5 Ne5 11. Nxe5 Bxe5 12. O-O e6 13. Qf3 exd5 14. Nxd5 Nxd5 15.
Bxd5 Be6 16. Bxb7 Rb8 17. Bd5 Bxd5 18. exd5 Qd6 19. h3 Rfd8 20. Rd1 Bxb2 21. Bf4
Be5 22. Bxe5 Qxe5 23. Rac1 Rb2 24. a3 Rd6 25. Rxc5 Rf6 26. d6 1-0

[Event "Chinese League"]
[Site "Chaongqing CHN"]
[Date "2011.08.11"]
[Round "10"]
[White "Xiu, Deshun"]
[Black "Chen, Fan"]
[Result "1/2-1/2"]
[BlackTitle "FM"]
[WhiteElo "2508"]
[BlackElo "2345"]
[WhiteTeam "Beijing"]
[BlackTeam "Sichuan"]
[WhiteFideId "8603693"]
[BlackFideId "8600767"]
[EventDate "2011.04.12"]

1. d4 d5 2. c4 c6 3. Nf3 Nf6 4. Nc3 a6 5. e3 g6 6. Bd3 Bg7 7. O-O O-O 8. Qb3
dxc4 9. Bxc4 b5 10. Be2 c5 11. dxc5 Nc6 12. Rd1 Qc7 13. e4 Qa7 14. h3 Na5 15.
Qc2 Qxc5 16. e5 Bf5 17. Bd3 Bxd3 18. Qxd3 Ne8 19. b4 Qxb4 20. Nd5 Qc4 21. Qd2
Qa4 22. Nb6 Nc4 23. Nxa4 Nxd2 24. Rxd2 bxa4 25. Ba3 f6 26. Re1 fxe5 27. Nxe5 Nd6
28. Rd3 Rac8 29. Re2 Rfd8 30. f4 Bxe5 31. fxe5 Nf5 32. Red2 Rxd3 33. Rxd3 Kf7
34. g4 Nh4 35. Rd7 Nf3+ 36. Kf1 Re8 37. Ra7 Nd2+ 38. Ke2 Nc4 39. Bb4 Nxe5 40.
Rxa6 Rc8 41. Rxa4 Rc4 42. a3 Nc6 43. Kd3 Rf4 44. Ke3 g5 45. Ke2 h6 46. Ke3 e6
47. Ke2 e5 48. Ra6 Nxb4 49. axb4 Rxb4 50. Rxh6 1/2-1/2